00561naa a2200157 a 450000100080000000500110000800800410001910000170006024500670007726000090014430000110015365300090016465300190017370000160019277301950020810352772005-05-02 1996 bl uuuu u00u1 u #d1 aCAMILO, A.P. aEfeito do raleante quimico carbaryl sobre o russeting da maca. c1996 ap.262. aMaca aRaleio quimico1 aDENARDI, F. tIn: CONGRESSO BRASILEIRO DE FRUTICULTURA, 14. REUNIAO INTERAMERICANA DE HORTICULTURA TROPICAL, 42. ; SIMPOSIO INTERNACIONAL DE MIRTACEAS, 1996, Curitiba, PR. Resumos...Londrina: IAPAR, 1996.